[Event "Chess Week in Przeworsk"]
[Site "Przeworsk"]
[Date "2022.06.05"]
[Round "4.3"]
[White "Mis, Mieszko"]
[Black "Mikrut, Dariusz"]
[Result "1-0"]
[BlackElo "2361"]
[WhiteElo "2388"]
[LiveChessVersion "1.4.8"]

1. e4 {[%clk 1:30:54]} e5 {[%clk 1:30:42]} 2. Nf3 {[%clk 1:31:10]} Nc6
{[%clk 1:31:02]} 3. d4 {[%clk 1:31:25]} exd4 {[%clk 1:31:27]} 4. Nxd4
{[%clk 1:31:50]} Nf6 {[%clk 1:31:46]} 5. Nc3 {[%clk 1:31:57]} d6 {[%clk 1:29:14]}
6. Bb5 {[%clk 1:29:57]} Bd7 {[%clk 1:29:37]} 7. O-O {[%clk 1:27:45]} Nxd4
{[%clk 1:28:55]} 8. Bxd7+ {[%clk 1:27:17]} Qxd7 {[%clk 1:29:10]} 9. Qxd4
{[%clk 1:27:42]} Be7 {[%clk 1:29:35]} 10. Rd1 {[%clk 1:27:07]} Qe6
{[%clk 1:02:16]} 11. Nd5 {[%clk 1:26:38]} Nxd5 {[%clk 1:02:29]} 12. exd5
{[%clk 1:26:21]} Qf5 {[%clk 0:59:43]} 13. Re1 {[%clk 1:21:33]} Kf8
{[%clk 0:58:40]} 14. Qc4 {[%clk 1:17:47]} Qd7 {[%clk 0:57:15]} 15. Be3
{[%clk 1:16:10]} Bf6 {[%clk 0:57:16]} 16. Bd4 {[%clk 1:13:09]} Bxd4
{[%clk 0:55:31]} 17. Qxd4 {[%clk 1:13:36]} h5 {[%clk 0:55:27]} 18. Re4
{[%clk 1:07:43]} Rh6 {[%clk 0:45:28]} 19. Rae1 {[%clk 1:08:02]} Rf6
{[%clk 0:45:07]} 20. Qe3 {[%clk 1:06:48]} Kg8 {[%clk 0:37:38]} 21. Re8+
{[%clk 0:47:23]} Rxe8 {[%clk 0:35:41]} 22. Qxe8+ {[%clk 0:47:50]} Qxe8
{[%clk 0:36:04]} 23. Rxe8+ {[%clk 0:48:18]} Kh7 {[%clk 0:36:28]} 24. Re7
{[%clk 0:48:28]} Rf5 {[%clk 0:36:12]} 25. Rxc7 {[%clk 0:48:53]} Rxd5
{[%clk 0:36:34]} 26. Kf1 {[%clk 0:49:21]} Rb5 {[%clk 0:33:17]} 27. b3
{[%clk 0:49:46]} Kg6 {[%clk 0:33:43]} 28. Ke2 {[%clk 0:40:20]} Kf6
{[%clk 0:33:11]} 29. c4 {[%clk 0:34:45]} Re5+ {[%clk 0:23:39]} 30. Kd3
{[%clk 0:28:36]} Re7 {[%clk 0:23:50]} 31. Rxe7 {[%clk 0:29:03]} Kxe7
{[%clk 0:24:14]} 32. Kd4 {[%clk 0:29:32]} Ke6 {[%clk 0:24:34]} 33. b4
{[%clk 0:30:00]} Ke7 {[%clk 0:21:20]} 34. Ke4 {[%clk 0:25:41]} Ke6
{[%clk 0:21:35]} 35. h4 {[%clk 0:26:02]} Kf6 {[%clk 0:17:13]} 36. a4
{[%clk 0:24:54]} Ke6 {[%clk 0:15:58]} 37. a5 {[%clk 0:24:48]} Kf6
{[%clk 0:14:04]} 38. Kd5 {[%clk 0:18:50]} Ke7 {[%clk 0:14:24]} 39. a6
{[%clk 0:19:19]} bxa6 {[%clk 0:06:32]} 40. Kc6 {[%clk 0:49:41]} Ke6
{[%clk 0:33:54]} 41. Kb7 {[%clk 0:49:54]} a5 {[%clk 0:29:12]} 42. bxa5
{[%clk 0:50:16]} Kd7 {[%clk 0:29:34]} 43. Kxa7 {[%clk 0:47:42]} Kc7
{[%clk 0:29:52]} 44. g3 {[%clk 0:47:53]} 1-0

[Event "Chess Week in Przeworsk"]
[Site "Przeworsk"]
[Date "2022.06.05"]
[Round "4.4"]
[White "Neugebauer, Martin"]
[Black "Baum, Jonasz"]
[Result "1-0"]
[BlackElo "2409"]
[WhiteElo "2505"]
[LiveChessVersion "1.4.8"]

1. e4 {[%clk 1:30:50]} c5 {[%clk 1:30:54]} 2. Nf3 {[%clk 1:30:34]} d6
{[%clk 1:31:18]} 3. d4 {[%clk 1:30:45]} cxd4 {[%clk 1:31:43]} 4. Nxd4
{[%clk 1:31:10]} Nf6 {[%clk 1:32:08]} 5. Nc3 {[%clk 1:31:31]} a6 {[%clk 1:32:34]}
6. Bd3 {[%clk 1:31:09]} g6 {[%clk 1:31:00]} 7. h3 {[%clk 1:30:52]} Bg7
{[%clk 1:30:51]} 8. Be3 {[%clk 1:30:49]} Nc6 {[%clk 1:29:56]} 9. Qd2
{[%clk 1:28:46]} O-O {[%clk 1:26:45]} 10. O-O {[%clk 1:25:30]} Bd7
{[%clk 1:25:33]} 11. a4 {[%clk 1:20:58]} Rc8 {[%clk 1:24:09]} 12. f4
{[%clk 1:13:11]} Nxd4 {[%clk 1:17:58]} 13. Bxd4 {[%clk 1:13:32]} Bc6
{[%clk 1:18:19]} 14. a5 {[%clk 1:09:23]} Qd7 {[%clk 1:00:21]} 15. Qf2
{[%clk 0:58:40]} Ne8 {[%clk 0:40:49]} 16. Bxg7 {[%clk 0:56:58]} Nxg7
{[%clk 0:40:51]} 17. f5 {[%clk 0:53:16]} Ne8 {[%clk 0:32:18]} 18. Nd5
{[%clk 0:39:36]} Bxd5 {[%clk 0:32:03]} 19. exd5 {[%clk 0:40:00]} Nf6
{[%clk 0:30:33]} 20. c4 {[%clk 0:40:14]} Qc7 {[%clk 0:21:51]} 21. Rfe1
{[%clk 0:38:10]} Rce8 {[%clk 0:21:00]} 22. b4 {[%clk 0:36:44]} Nd7
{[%clk 0:21:25]} 23. Rac1 {[%clk 0:35:35]} Ne5 {[%clk 0:21:43]} 24. Bb1
{[%clk 0:33:42]} Qd7 {[%clk 0:21:29]} 25. Qf4 {[%clk 0:26:47]} Kg7
{[%clk 0:19:47]} 26. Rc3 {[%clk 0:25:35]} Rc8 {[%clk 0:18:59]} 27. c5
{[%clk 0:24:52]} f6 {[%clk 0:13:39]} 28. fxg6 {[%clk 0:24:13]} hxg6
{[%clk 0:14:08]} 29. Rg3 {[%clk 0:23:42]} Qe8 {[%clk 0:14:35]} 30. cxd6
{[%clk 0:15:35]} exd6 {[%clk 0:13:15]} 31. Bxg6 {[%clk 0:13:21]} Nf3+
{[%clk 0:13:36]} 32. Qxf3 {[%clk 0:13:47]} Qxe1+ {[%clk 0:14:01]} 33. Kh2
{[%clk 0:14:14]} Rc7 {[%clk 0:08:17]} 34. Qg4 {[%clk 0:12:01]} Qc1
{[%clk 0:02:35]} 35. Bd3+ {[%clk 0:10:59]} Kf7 {[%clk 0:02:49]} 36. Qe6#
{[%clk 0:10:44]} 1-0

[Event "Chess Week in Przeworsk"]
[Site "Przeworsk"]
[Date "2022.06.05"]
[Round "5.1"]
[White "Licznerski, Lukasz"]
[Black "Stefansson, Hannes"]
[Result "0-1"]
[BlackElo "2534"]
[WhiteElo "2439"]
[LiveChessVersion "1.4.8"]

1. e4 {[%clk 1:25:02]} e5 {[%clk 1:30:48]} 2. Nf3 {[%clk 1:22:27]} Nc6
{[%clk 1:31:07]} 3. Bb5 {[%clk 1:22:53]} a6 {[%clk 1:31:17]} 4. Bxc6
{[%clk 1:23:16]} dxc6 {[%clk 1:31:28]} 5. O-O {[%clk 1:23:43]} Bd6
{[%clk 1:31:35]} 6. d4 {[%clk 1:23:36]} exd4 {[%clk 1:31:54]} 7. Qxd4
{[%clk 1:23:59]} f6 {[%clk 1:32:08]} 8. Nbd2 {[%clk 1:23:57]} Be6
{[%clk 1:30:29]} 9. Qc3 {[%clk 1:24:08]} Qd7 {[%clk 1:28:57]} 10. Nc4
{[%clk 1:23:00]} Bxc4 {[%clk 1:28:46]} 11. Qxc4 {[%clk 1:23:28]} Ne7
{[%clk 1:27:14]} 12. Be3 {[%clk 1:18:58]} Ng6 {[%clk 1:25:26]} 13. Rad1
{[%clk 1:07:40]} O-O-O {[%clk 1:22:31]} 14. Bc5 {[%clk 1:06:26]} Rhe8
{[%clk 1:19:48]} 15. Rfe1 {[%clk 0:59:55]} Qe7 {[%clk 1:14:16]} 16. Bxd6
{[%clk 0:59:52]} cxd6 {[%clk 1:13:57]} 17. Qc3 {[%clk 0:52:45]} Nf4
{[%clk 1:03:39]} 18. Nd4 {[%clk 0:48:11]} g6 {[%clk 1:03:05]} 19. Re3
{[%clk 0:38:37]} Qe5 {[%clk 1:01:26]} 20. g3 {[%clk 0:34:43]} Ne6
{[%clk 1:01:08]} 21. Qc4 {[%clk 0:32:59]} Nxd4 {[%clk 0:57:08]} 22. Rxd4
{[%clk 0:28:08]} h5 {[%clk 0:50:09]} 23. c3 {[%clk 0:25:09]} h4 {[%clk 0:48:51]}
24. Qf7 {[%clk 0:23:57]} hxg3 {[%clk 0:48:18]} 25. hxg3 {[%clk 0:21:11]} g5
{[%clk 0:47:57]} 26. Rf3 {[%clk 0:19:57]} c5 {[%clk 0:44:49]} 27. Ra4
{[%clk 0:19:53]} Rf8 {[%clk 0:43:55]} 28. Qg6 {[%clk 0:20:12]} Kb8
{[%clk 0:43:22]} 29. Kg2 {[%clk 0:07:22]} Qe7 {[%clk 0:41:25]} 30. b4
{[%clk 0:04:47]} Rh8 {[%clk 0:38:04]} 31. Ra5 {[%clk 0:04:40]} Qc7
{[%clk 0:34:14]} 32. a3 {[%clk 0:04:21]} Ka7 {[%clk 0:27:51]} 33. Rxf6
{[%clk 0:04:05]} Rd7 {[%clk 0:27:56]} 34. Ra4 {[%clk 0:01:34]} Qc6
{[%clk 0:18:52]} 35. Ra5 {[%clk 0:02:02]} Qc7 {[%clk 0:17:32]} 36. Ra4
{[%clk 0:02:31]} Rdh7 {[%clk 0:14:28]} 37. Qxg5 {[%clk 0:00:32]} Qc6
{[%clk 0:11:50]} 38. b5 {[%clk 0:00:45]} Qxb5 {[%clk 0:11:56]} 39. Rxd6
{[%clk 0:00:46]} Rh2+ {[%clk 0:10:42]} 40. Kf3 {[%clk 0:30:47]} Qxa4
{[%clk 0:36:30]} 41. Qxc5+ {[%clk 0:31:14]} Ka8 {[%clk 0:36:50]} 42. Rf6
{[%clk 0:28:03]} 0-1

[Event "Chess Week in Przeworsk"]
[Site "Przeworsk"]
[Date "2022.06.05"]
[Round "5.3"]
[White "Mikrut, Dariusz"]
[Black "Neugebauer, Martin"]
[Result "0-1"]
[BlackElo "2505"]
[WhiteElo "2361"]
[LiveChessVersion "1.4.8"]

1. e4 {[%clk 1:30:59]} c5 {[%clk 1:30:15]} 2. Nf3 {[%clk 1:31:24]} Nf6
{[%clk 1:29:34]} 3. Nc3 {[%clk 1:31:47]} d6 {[%clk 1:29:41]} 4. d4
{[%clk 1:32:12]} cxd4 {[%clk 1:30:06]} 5. Nxd4 {[%clk 1:32:39]} a6
{[%clk 1:29:53]} 6. Bg5 {[%clk 1:33:03]} Nbd7 {[%clk 1:26:24]} 7. Qe2
{[%clk 1:33:23]} e6 {[%clk 1:22:39]} 8. f4 {[%clk 1:33:36]} Qc7 {[%clk 1:22:33]}
9. O-O-O {[%clk 1:33:22]} Be7 {[%clk 1:22:07]} 10. g4 {[%clk 1:25:03]} b5
{[%clk 1:17:24]} 11. Bg2 {[%clk 1:15:15]} b4 {[%clk 1:06:34]} 12. Nd5
{[%clk 0:56:30]} exd5 {[%clk 1:04:17]} 13. Nf5 {[%clk 0:56:52]} Nb6
{[%clk 0:52:38]} 14. e5 {[%clk 0:27:32]} dxe5 {[%clk 0:38:39]} 15. fxe5
{[%clk 0:26:35]} Bxf5 {[%clk 0:38:30]} 16. exf6 {[%clk 0:16:05]} gxf6
{[%clk 0:37:45]} 17. gxf5 {[%clk 0:11:27]} fxg5 {[%clk 0:37:55]} 18. Rhe1
{[%clk 0:08:19]} Kf8 {[%clk 0:37:10]} 19. Bxd5 {[%clk 0:08:02]} Nxd5
{[%clk 0:37:09]} 20. Rxd5 {[%clk 0:08:28]} Bf6 {[%clk 0:37:07]} 21. Red1
{[%clk 0:08:21]} Kg7 {[%clk 0:37:12]} 22. Rd7 {[%clk 0:08:29]} Qf4+
{[%clk 0:37:15]} 23. Kb1 {[%clk 0:08:55]} Qe5 {[%clk 0:36:42]} 0-1

[Event "Chess Week in Przeworsk"]
[Site "Przeworsk"]
[Date "2022.06.05"]
[Round "5.4"]
[White "Teclaf, Pawel"]
[Black "Mis, Mieszko"]
[Result "1-0"]
[BlackElo "2388"]
[WhiteElo "2537"]
[LiveChessVersion "1.4.8"]

1. e4 {[%clk 1:30:52]} c6 {[%clk 1:30:56]} 2. d4 {[%clk 1:30:45]} d5
{[%clk 1:31:21]} 3. exd5 {[%clk 1:31:10]} cxd5 {[%clk 1:31:47]} 4. Bd3
{[%clk 1:31:36]} Nc6 {[%clk 1:32:07]} 5. c3 {[%clk 1:32:02]} Nf6 {[%clk 1:32:33]}
6. h3 {[%clk 1:32:11]} g6 {[%clk 1:32:54]} 7. Nf3 {[%clk 1:31:50]} Bg7
{[%clk 1:33:04]} 8. Qc2 {[%clk 1:31:46]} Qc7 {[%clk 1:29:51]} 9. O-O
{[%clk 1:30:15]} O-O {[%clk 1:29:56]} 10. Re1 {[%clk 1:27:57]} Nd7
{[%clk 1:26:45]} 11. Be3 {[%clk 1:16:59]} f6 {[%clk 1:13:27]} 12. Qb3
{[%clk 1:12:43]} Nb6 {[%clk 1:11:39]} 13. a4 {[%clk 0:51:12]} Be6
{[%clk 1:06:27]} 14. Bf4 {[%clk 0:47:30]} Qd7 {[%clk 1:00:07]} 15. Nbd2
{[%clk 0:42:56]} Bf7 {[%clk 0:58:36]} 16. a5 {[%clk 0:41:22]} Nc8
{[%clk 0:59:01]} 17. c4 {[%clk 0:34:34]} e6 {[%clk 0:50:38]} 18. a6
{[%clk 0:27:27]} b6 {[%clk 0:41:13]} 19. cxd5 {[%clk 0:25:17]} exd5
{[%clk 0:41:36]} 20. Qa3 Rd8 {[%clk 0:40:13]} 21. Rac1 {[%clk 0:19:36]} Nd6
{[%clk 0:39:06]} 22. Qxd6 {[%clk 0:17:51]} Qxd6 {[%clk 0:39:24]} 23. Bxd6
{[%clk 0:18:19]} Rxd6 {[%clk 0:39:52]} 24. Bb5 {[%clk 0:18:46]} Nd8
{[%clk 0:40:01]} 25. Nb1 {[%clk 0:16:08]} Bf8 {[%clk 0:32:59]} 26. Ba4
{[%clk 0:12:40]} Ne6 {[%clk 0:32:28]} 27. Na3 {[%clk 0:12:18]} Rad8
{[%clk 0:24:16]} 28. g3 {[%clk 0:11:27]} h5 {[%clk 0:19:42]} 29. h4
{[%clk 0:07:18]} Bh6 {[%clk 0:18:09]} 30. Rc2 {[%clk 0:06:17]} Bf8
{[%clk 0:18:34]} 31. Rcc1 Bh6 {[%clk 0:18:58]} 32. Rc2 {[%clk 0:06:33]} Bf8
{[%clk 0:19:22]} 33. Kf1 {[%clk 0:05:13]} Rb8 {[%clk 0:16:16]} 34. Nb5
{[%clk 0:04:26]} Rd7 {[%clk 0:16:40]} 35. Rc6 {[%clk 0:04:31]} Re8
{[%clk 0:08:04]} 36. Nc3 {[%clk 0:04:09]} Ree7 {[%clk 0:08:31]} 37. Rcxe6
{[%clk 0:03:40]} Bxe6 {[%clk 0:08:52]} 38. Rxe6 {[%clk 0:04:01]} Rxe6
{[%clk 0:08:27]} 39. Bxd7 {[%clk 0:04:25]} Rd6 {[%clk 0:08:54]} 40. Bc8
{[%clk 0:34:28]} 1-0

[Event "Chess Week in Przeworsk"]
[Site "Przeworsk"]
[Date "2022.06.05"]
[Round "5.5"]
[White "Fus, Jakub"]
[Black "Omelja, Artem"]
[Result "0-1"]
[BlackElo "2515"]
[WhiteElo "2378"]
[LiveChessVersion "1.4.8"]

1. e4 {[%clk 1:30:45]} e5 {[%clk 1:30:51]} 2. Nf3 {[%clk 1:30:46]} Nc6
{[%clk 1:31:14]} 3. Bb5 {[%clk 1:31:03]} Nf6 {[%clk 1:31:36]} 4. d3
{[%clk 1:28:31]} Bc5 {[%clk 1:31:58]} 5. c3 {[%clk 1:27:52]} O-O {[%clk 1:32:19]}
6. O-O {[%clk 1:28:03]} d6 {[%clk 1:32:19]} 7. Bg5 {[%clk 1:26:43]} Bb6
{[%clk 1:32:05]} 8. Nbd2 {[%clk 1:25:54]} Ne7 {[%clk 1:31:18]} 9. Bxf6
{[%clk 1:25:49]} gxf6 {[%clk 1:31:40]} 10. d4 {[%clk 1:25:31]} c6
{[%clk 1:30:28]} 11. Bd3 {[%clk 1:23:21]} Ng6 {[%clk 1:30:50]} 12. Nc4
{[%clk 1:20:58]} Be6 {[%clk 1:26:25]} 13. Ne3 {[%clk 1:10:06]} d5
{[%clk 1:23:32]} 14. g3 {[%clk 1:03:37]} dxe4 {[%clk 1:07:01]} 15. Bxe4
{[%clk 1:03:56]} exd4 {[%clk 1:03:40]} 16. cxd4 {[%clk 1:02:13]} Qe7
{[%clk 1:03:34]} 17. Qc2 {[%clk 0:58:17]} Rad8 {[%clk 1:00:37]} 18. Rfd1
{[%clk 0:53:00]} Rfe8 {[%clk 0:58:33]} 19. Bf5 {[%clk 0:46:42]} Bxf5
{[%clk 0:56:10]} 20. Nxf5 {[%clk 0:44:00]} Qe4 {[%clk 0:55:37]} 21. Qxe4
{[%clk 0:43:23]} Rxe4 {[%clk 0:56:00]} 22. Re1 {[%clk 0:42:27]} Re6
{[%clk 0:52:26]} 23. a3 {[%clk 0:37:34]} Kf8 {[%clk 0:52:04]} 24. Rad1
{[%clk 0:25:30]} Ne7 {[%clk 0:50:17]} 25. Ne3 {[%clk 0:21:18]} Nd5
{[%clk 0:42:29]} 26. Nc4 {[%clk 0:20:28]} Nc7 {[%clk 0:41:41]} 27. Kf1
{[%clk 0:19:40]} Nb5 {[%clk 0:40:41]} 28. Rxe6 {[%clk 0:14:10]} fxe6
{[%clk 0:41:03]} 29. a4 {[%clk 0:14:17]} Nd6 {[%clk 0:41:18]} 30. b3
{[%clk 0:13:32]} Nf5 {[%clk 0:33:56]} 31. g4 {[%clk 0:13:07]} Ne7
{[%clk 0:34:05]} 32. Ke2 {[%clk 0:10:19]} Kf7 {[%clk 0:34:13]} 33. h4
{[%clk 0:07:09]} Bc7 {[%clk 0:33:31]} 34. Rg1 {[%clk 0:07:05]} h5
{[%clk 0:31:51]} 35. g5 {[%clk 0:06:47]} Nf5 {[%clk 0:31:57]} 36. Rd1
{[%clk 0:05:37]} Bb6 {[%clk 0:28:30]} 37. Nxb6 {[%clk 0:05:40]} axb6
{[%clk 0:28:53]} 38. Rd2 {[%clk 0:03:57]} fxg5 {[%clk 0:27:19]} 39. hxg5
{[%clk 0:03:43]} Rd5 {[%clk 0:26:08]} 40. Kf1 {[%clk 0:33:55]} Kg6
{[%clk 0:55:14]} 41. Kg2 {[%clk 0:32:39]} c5 {[%clk 0:47:23]} 42. dxc5
{[%clk 0:32:19]} bxc5 {[%clk 0:47:47]} 43. Re2 {[%clk 0:25:13]} Nd4
{[%clk 0:47:58]} 44. Re4 {[%clk 0:18:59]} Kf5 {[%clk 0:43:53]} 45. Rh4
{[%clk 0:18:58]} Ne2 {[%clk 0:14:42]} 46. b4 {[%clk 0:17:32]} Nf4+
{[%clk 0:14:24]} 47. Kg3 {[%clk 0:17:59]} e5 {[%clk 0:14:24]} 48. bxc5
{[%clk 0:16:13]} Rd3 {[%clk 0:12:35]} 49. c6 {[%clk 0:16:10]} bxc6
{[%clk 0:12:38]} 50. g6 {[%clk 0:16:07]} Kxg6 {[%clk 0:11:49]} 51. Rh1
{[%clk 0:14:53]} Kf5 {[%clk 0:11:26]} 0-1

[Event "Chess Week in Przeworsk"]
[Site "Przeworsk"]
[Date "2022.06.05"]
[Round "6.1"]
[White "Stefansson, Hannes"]
[Black "Omelja, Artem"]
[Result "1/2-1/2"]
[BlackElo "2515"]
[WhiteElo "2534"]
[LiveChessVersion "1.4.8"]

1. e4 {[%clk 1:30:52]} e5 {[%clk 1:30:54]} 2. Nf3 {[%clk 1:31:00]} Nc6
{[%clk 1:31:18]} 3. Bb5 {[%clk 1:31:05]} Nf6 {[%clk 1:31:40]} 4. O-O
{[%clk 1:31:06]} Nxe4 {[%clk 1:32:01]} 5. Re1 {[%clk 1:30:51]} Nd6
{[%clk 1:32:19]} 6. Nxe5 {[%clk 1:30:42]} Be7 {[%clk 1:32:35]} 7. Bf1
{[%clk 1:30:46]} Nxe5 {[%clk 1:32:37]} 8. Rxe5 {[%clk 1:31:04]} O-O
{[%clk 1:32:57]} 9. d4 {[%clk 1:30:28]} Ne8 {[%clk 1:30:42]} 10. d5
{[%clk 1:28:13]} d6 {[%clk 1:26:19]} 11. Re1 {[%clk 1:27:55]} Bg5
{[%clk 1:26:39]} 12. Nc3 {[%clk 1:27:20]} Bxc1 {[%clk 1:26:41]} 13. Rxc1
{[%clk 1:27:43]} Nf6 {[%clk 1:25:42]} 14. h3 {[%clk 1:19:41]} Bd7
{[%clk 1:25:45]} 15. Qd4 {[%clk 1:18:56]} Re8 {[%clk 1:24:27]} 16. Bd3
{[%clk 1:15:25]} a6 {[%clk 1:23:42]} 17. a4 {[%clk 1:13:58]} Qb8 {[%clk 1:21:40]}
18. Ne4 {[%clk 1:01:58]} Nxe4 {[%clk 1:21:26]} 19. Rxe4 {[%clk 1:02:23]} Rxe4
{[%clk 1:21:15]} 20. Qxe4 {[%clk 1:02:46]} g6 {[%clk 1:20:47]} 21. Qf4
{[%clk 1:00:51]} Qf8 {[%clk 1:19:46]} 22. Qb4 {[%clk 1:00:58]} Rb8
{[%clk 1:16:19]} 23. a5 {[%clk 1:00:52]} b5 {[%clk 1:14:02]} 24. Qd4
{[%clk 0:54:35]} c5 {[%clk 1:13:53]} 25. dxc6 {[%clk 0:54:57]} Bxc6
{[%clk 1:14:17]} 26. Re1 {[%clk 0:54:09]} Qd8 {[%clk 1:13:00]} 27. Qf4
{[%clk 0:51:06]} Rb7 {[%clk 1:08:53]} 28. b4 {[%clk 0:48:07]} Kg7
{[%clk 1:08:50]} 29. Rd1 {[%clk 0:47:14]} d5 {[%clk 1:05:05]} 30. Qd4+
{[%clk 0:36:34]} Qf6 {[%clk 1:05:28]} 31. c3 {[%clk 0:35:33]} 1/2-1/2

[Event "Chess Week in Przeworsk"]
[Site "Przeworsk"]
[Date "2022.06.05"]
[Round "6.2"]
[White "Mis, Mieszko"]
[Black "Fus, Jakub"]
[Result "1/2-1/2"]
[BlackElo "2378"]
[WhiteElo "2388"]
[LiveChessVersion "1.4.8"]

1. e4 {[%clk 1:30:57]} e6 {[%clk 1:30:12]} 2. d4 {[%clk 1:31:23]} d5
{[%clk 1:30:36]} 3. Nc3 {[%clk 1:31:49]} Bb4 {[%clk 1:30:08]} 4. Nge2
{[%clk 1:32:07]} dxe4 {[%clk 1:29:01]} 5. a3 {[%clk 1:32:33]} Bxc3+
{[%clk 1:24:00]} 6. Nxc3 {[%clk 1:32:59]} Nc6 {[%clk 1:24:24]} 7. d5
{[%clk 1:33:25]} exd5 {[%clk 1:24:07]} 8. Qxd5 {[%clk 1:33:52]} Nge7
{[%clk 1:13:42]} 9. Qxd8+ {[%clk 1:33:33]} Nxd8 {[%clk 1:13:58]} 10. Nxe4
{[%clk 1:33:58]} Bf5 {[%clk 1:13:32]} 11. Bd3 {[%clk 1:34:23]} Ne6
{[%clk 1:13:19]} 12. Bd2 {[%clk 1:33:02]} O-O-O {[%clk 1:09:05]} 13. O-O-O
{[%clk 1:33:15]} Bg6 {[%clk 1:08:05]} 14. h4 {[%clk 1:28:35]} h5 {[%clk 1:07:18]}
15. Rhe1 {[%clk 1:27:32]} Nf5 {[%clk 1:04:24]} 16. g3 {[%clk 1:20:53]} Nfd4
{[%clk 1:02:46]} 17. Bc3 {[%clk 1:12:59]} Rhe8 {[%clk 0:59:36]} 18. a4
{[%clk 1:00:27]} Bf5 {[%clk 0:43:18]} 19. Bxd4 {[%clk 0:57:04]} Nxd4
{[%clk 0:39:52]} 20. Nc3 {[%clk 0:43:33]} Bg4 {[%clk 0:35:15]} 21. Rxe8
{[%clk 0:43:59]} Rxe8 {[%clk 0:35:40]} 22. Rf1 {[%clk 0:44:22]} Bh3
{[%clk 0:33:43]} 23. Rd1 {[%clk 0:44:08]} Bg4 {[%clk 0:34:08]} 24. Rf1
{[%clk 0:44:35]} Bh3 {[%clk 0:32:54]} 25. Rd1 {[%clk 0:44:58]} Bg4
{[%clk 0:33:21]} 26. Rf1 {[%clk 0:45:25]} Bh3 {[%clk 0:33:43]} 27. Rd1
{[%clk 0:45:52]} Bg4 {[%clk 0:34:08]} 28. Rf1 {[%clk 0:46:19]} Bh3
{[%clk 0:34:34]} 29. Rd1 {[%clk 0:46:46]} Bg4 30. Rf1 1/2-1/2

[Event "Chess Week in Przeworsk"]
[Site "Przeworsk"]
[Date "2022.06.05"]
[Round "6.3"]
[White "Neugebauer, Martin"]
[Black "Teclaf, Pawel"]
[Result "1/2-1/2"]
[BlackElo "2537"]
[WhiteElo "2505"]
[LiveChessVersion "1.4.8"]

1. e4 {[%clk 1:30:44]} e5 {[%clk 1:30:56]} 2. Nf3 {[%clk 1:30:47]} Nf6
{[%clk 1:31:22]} 3. d4 {[%clk 1:29:45]} Nxe4 {[%clk 1:31:46]} 4. Bd3
{[%clk 1:30:09]} Nc6 {[%clk 1:31:40]} 5. Nxe5 {[%clk 1:18:17]} Nxe5
{[%clk 1:32:05]} 6. Bxe4 {[%clk 1:17:09]} d5 {[%clk 1:32:22]} 7. dxe5
{[%clk 1:17:02]} dxe4 {[%clk 1:32:48]} 8. Qxd8+ {[%clk 1:17:25]} Kxd8
{[%clk 1:33:16]} 9. Nc3 {[%clk 1:17:07]} Bb4 {[%clk 1:21:29]} 10. Bg5+
{[%clk 1:13:56]} Ke8 {[%clk 1:21:53]} 11. O-O-O {[%clk 1:02:42]} Bg4
{[%clk 1:22:18]} 12. Rd4 {[%clk 1:01:51]} Bxc3 {[%clk 1:22:43]} 13. bxc3
{[%clk 1:02:17]} h6 {[%clk 1:23:05]} 14. Rxe4 {[%clk 1:01:53]} Bh3
{[%clk 1:22:36]} 15. gxh3 {[%clk 0:59:44]} hxg5 {[%clk 1:21:46]} 16. Rg1
{[%clk 0:57:38]} Rxh3 {[%clk 1:15:31]} 17. Rxg5 {[%clk 0:58:00]} g6
{[%clk 1:13:13]} 18. e6 {[%clk 0:52:04]} Rxc3 {[%clk 1:01:00]} 19. h4
{[%clk 0:48:32]} Rc6 {[%clk 0:40:52]} 20. exf7+ {[%clk 0:43:08]} Kxf7
{[%clk 0:41:11]} 21. h5 {[%clk 0:43:32]} gxh5 {[%clk 0:38:36]} 22. Rf4+
{[%clk 0:43:54]} Rf6 {[%clk 0:38:14]} 23. Rxf6+ {[%clk 0:44:17]} Kxf6
{[%clk 0:38:40]} 24. Rxh5 {[%clk 0:44:43]} Ke6 {[%clk 0:38:48]} 25. Rh6+
{[%clk 0:44:34]} Kd5 {[%clk 0:38:54]} 26. Rh5+ {[%clk 0:44:44]} Ke6
{[%clk 0:39:18]} 27. Rh6+ {[%clk 0:45:09]} Kd5 {[%clk 0:39:45]} 28. Rh5+
{[%clk 0:45:35]} Ke6 {[%clk 0:40:11]} 29. Rh6+ {[%clk 0:46:00]} Kd5
{[%clk 0:40:37]} 30. Rh5+ {[%clk 0:46:24]} Ke6 {[%clk 0:41:04]} 1/2-1/2

[Event "Chess Week in Przeworsk"]
[Site "Przeworsk"]
[Date "2022.06.05"]
[Round "6.5"]
[White "Licznerski, Lukasz"]
[Black "Baum, Jonasz"]
[Result "0-1"]
[BlackElo "2409"]
[WhiteElo "2439"]
[LiveChessVersion "1.4.8"]

1. d4 {[%clk 1:28:26]} e6 {[%clk 1:29:34]} 2. Nf3 {[%clk 1:27:35]} Nf6
{[%clk 1:29:14]} 3. g3 {[%clk 1:27:42]} d5 4. Bg2 {[%clk 1:27:02]} Be7
{[%clk 1:28:15]} 5. c4 {[%clk 1:27:07]} O-O {[%clk 1:28:07]} 6. O-O
{[%clk 1:27:31]} dxc4 {[%clk 1:27:06]} 7. Qa4 {[%clk 1:25:58]} a6
{[%clk 1:24:12]} 8. Qxc4 {[%clk 1:25:44]} b5 {[%clk 1:24:30]} 9. Qc2
{[%clk 1:23:27]} Bb7 {[%clk 1:24:45]} 10. Bg5 {[%clk 1:10:45]} Nbd7
{[%clk 1:24:30]} 11. Nbd2 {[%clk 1:10:14]} Rc8 {[%clk 1:21:02]} 12. Bxf6
{[%clk 1:08:11]} Nxf6 {[%clk 1:21:08]} 13. Nb3 {[%clk 1:07:52]} Be4
{[%clk 1:19:31]} 14. Qc3 {[%clk 1:02:47]} Nd5 {[%clk 1:08:35]} 15. Qc1
{[%clk 0:55:05]} Nb4 {[%clk 0:57:53]} 16. Qc3 {[%clk 0:47:04]} Nc2
{[%clk 0:51:51]} 17. Rac1 {[%clk 0:37:39]} Bb4 {[%clk 0:52:06]} 18. Qxc2
{[%clk 0:38:07]} Bxc2 {[%clk 0:52:32]} 19. Rxc2 Bd6 {[%clk 0:38:28]} 20. Rfc1
{[%clk 0:38:10]} c6 {[%clk 0:37:45]} 21. Nc5 {[%clk 0:36:06]} Bxc5
{[%clk 0:36:45]} 22. Rxc5 {[%clk 0:36:28]} f6 {[%clk 0:34:27]} 23. e3
{[%clk 0:35:46]} Qa5 {[%clk 0:31:26]} 24. a3 {[%clk 0:35:57]} Rfd8
{[%clk 0:28:27]} 25. Ne1 {[%clk 0:33:47]} Rd6 {[%clk 0:26:32]} 26. Be4
{[%clk 0:30:57]} Qb6 {[%clk 0:17:33]} 27. Nd3 {[%clk 0:30:59]} a5
{[%clk 0:18:02]} 28. h4 {[%clk 0:31:27]} Rc7 {[%clk 0:14:25]} 29. b4
{[%clk 0:29:08]} a4 {[%clk 0:09:54]} 30. h5 {[%clk 0:29:36]} Rc8 {[%clk 0:09:27]}
31. Kf1 {[%clk 0:29:39]} Rc7 {[%clk 0:09:30]} 32. Ke2 {[%clk 0:29:54]} Rc8
{[%clk 0:09:56]} 33. g4 {[%clk 0:29:33]} Qb7 {[%clk 0:09:32]} 34. f4
{[%clk 0:22:29]} Qd7 {[%clk 0:09:41]} 35. Bf3 {[%clk 0:20:24]} Kh8
{[%clk 0:07:19]} 36. R5c3 {[%clk 0:19:44]} Qe8 {[%clk 0:05:26]} 37. R3c2
{[%clk 0:19:18]} Kg8 {[%clk 0:05:45]} 38. Rc5 {[%clk 0:14:14]} Kh8
{[%clk 0:05:50]} 39. Nf2 {[%clk 0:12:03]} Kg8 {[%clk 0:05:33]} 40. h6
{[%clk 0:41:14]} e5 {[%clk 0:33:24]} 41. fxe5 {[%clk 0:20:46]} fxe5
{[%clk 0:33:24]} 42. d5 {[%clk 0:21:15]} Qf7 {[%clk 0:24:52]} 43. Nd3
{[%clk 0:17:30]} Re8 {[%clk 0:19:10]} 44. dxc6 {[%clk 0:13:14]} Rxd3
{[%clk 0:14:28]} 45. c7 {[%clk 0:13:31]} Qb3 {[%clk 0:11:34]} 46. Bd5+
{[%clk 0:13:28]} Rxd5 {[%clk 0:11:51]} 47. c8=Q {[%clk 0:13:55]} Qd3+
{[%clk 0:11:42]} 0-1